[Event "BAN-chB (Women) 41st"]
[Site "Dhaka"]
[Date "2022.11.08"]
[Round "2"]
[White "Mehjabin Akter, Jubaida"]
[Black "Nusrat Jahan, Alo"]
[Result "0-1"]
[WhiteElo "1295"]
[BlackElo "1710"]
[PlyCount "39"]
[EventDate "2022.11.07"]
[EventType "swiss"]
[EventRounds "8"]
[EventCountry "BAN"]
[SourceTitle "EXT 2024"]
[Source "ChessBase"]
[SourceDate "2023.10.10"]
[SourceVersion "1"]
[SourceVersionDate "2023.10.10"]
[SourceQuality "1"]

1. e4 c6 2. Nf3 d5 3. exd5 cxd5 4. d4 e6 5. Nc3 Nf6 6. Be2 a6 7. 0-0 Bd6 8. Re1 0-0 9. Bg5 Nbd7 10. Bd3 Qb6 11. Rb1 h6 12. Bd2 Qc7 13. g3 b5 14. a3 Bb7 15. b4 e5 16. dxe5 Nxe5 17. Nxe5 Bxe5 18. Ne2 d4 19. Bf4 Qc6 20. f3 0-1

[Event "BAN-ch U20 Girls"]
[Site "Dhaka"]
[Date "2022.02.19"]
[Round "5"]
[White "Opsora Ali, Khan"]
[Black "Mehjabin Akter, Jubaida"]
[Result "0-1"]
[WhiteElo "1239"]
[BlackElo "1270"]
[PlyCount "92"]
[EventDate "2022.02.15"]
[EventType "swiss"]
[EventRounds "9"]
[EventCountry "BAN"]
[SourceTitle "CBM 207 Extra"]
[Source "ChessBase"]
[SourceDate "2022.05.31"]
[SourceVersion "1"]
[SourceVersionDate "2022.05.31"]
[SourceQuality "1"]

1. e4 e5 2. Nf3 Nc6 3. Bc4 Nf6 4. Nc3 d6 5. h3 Be7 6. 0-0 0-0 7. d3 h6 8. Nd5 Re8 9. Re1 Be6 10. a3 Na5 11. Be3 Nxc4 12. Nxf6+ Bxf6 13. dxc4 Bxc4 14. Qd2 Kh7 15. Qb4 Ba6 16. Qd2 c6 17. c3 d5 18. exd5 Qxd5 19. Rad1 Qxd2 20. Rxd2 b6 21. Nh2 Rad8 22. Ng4 Rxd2 23. Nxf6+ gxf6 24. Bxd2 f5 25. Bf4 f6 26. g4 fxg4 27. hxg4 Rg8 28. Bg3 Rxg4 29. Rd1 c5 30. Rd7+ Rg7 31. Rxg7+ Kxg7 32. b4 cxb4 33. cxb4 Bb5 34. Kh2 Kg6 35. f4 exf4 36. Bxf4 Bc4 37. Be3 h5 38. Bd4 f5 39. Bc3 Kg5 40. Bd2+ Kg4 41. a4 f4 42. a5 bxa5 43. bxa5 a6 44. Bxf4 Kxf4 45. Kh1 Kg3 46. Kg1 Bd5 0-1

[Event "BAN-ch U20 Girls"]
[Site "Dhaka"]
[Date "2022.02.16"]
[Round "2"]
[White "Mehjabin Akter, Jubaida"]
[Black "Nusrat Jahan, Alo"]
[Result "0-1"]
[WhiteElo "1270"]
[BlackElo "1818"]
[PlyCount "65"]
[EventDate "2022.02.15"]
[EventType "swiss"]
[EventRounds "9"]
[EventCountry "BAN"]
[SourceTitle "CBM 207 Extra"]
[Source "ChessBase"]
[SourceDate "2022.05.31"]
[SourceVersion "1"]
[SourceVersionDate "2022.05.31"]
[SourceQuality "1"]

1. e4 c5 2. Nf3 e6 3. Nc3 a6 4. Be2 Qc7 5. 0-0 Nf6 6. d3 Be7 7. Bg5 d6 8. d4 cxd4 9. Nxd4 b5 10. a3 Bb7 11. Bd3 h6 12. Be3 Nbd7 13. h3 0-0 14. Re1 d5 15. exd5 Nxd5 16. Nxd5 Bxd5 17. Nf3 Bf6 18. c3 Rfd8 19. Qe2 Bxf3 20. Qxf3 Ne5 21. Qe4 Nxd3 22. Red1 Nxb2 23. Rxd8+ Rxd8 24. Bd4 Bxd4 25. cxd4 Qd6 26. Ra2 Nc4 27. a4 b4 28. Rc2 Qd5 29. Qxd5 exd5 30. Rc1 b3 31. Kf1 b2 32. Rd1 b1Q 33. Rxb1 0-1

[Event "BAN-ch (Women)"]
[Site "Dhaka"]
[Date "2022.01.04"]
[Round "7"]
[White "Jahan, Dilara Nupur"]
[Black "Mehjabin Akter, Jubaida"]
[Result "1-0"]
[WhiteElo "1741"]
[BlackElo "1188"]
[PlyCount "117"]
[EventDate "2021.12.29"]
[EventType "swiss"]
[EventRounds "11"]
[EventCountry "BAN"]
[SourceTitle "EXT 2023"]
[Source "ChessBase"]
[SourceDate "2022.10.05"]
[SourceVersion "1"]
[SourceVersionDate "2022.10.05"]
[SourceQuality "1"]

1. e4 e5 2. Nf3 Nc6 3. Bb5 Nf6 4. d3 d6 5. h3 Bd7 6. Bg5 Be7 7. Nc3 h6 8. Bh4 a6 9. Ba4 b5 10. Bb3 0-0 11. Bxf6 Bxf6 12. Nd5 Be6 13. 0-0 Re8 14. Rc1 Na5 15. Nxf6+ Qxf6 16. Bxe6 Qxe6 17. Qd2 Nc6 18. Qc3 Qd7 19. Nh4 Ne7 20. Qb3 d5 21. Rfe1 Qd6 22. Re3 Qf6 23. Nf5 Nxf5 24. exf5 Qxf5 25. Qxd5 Qe6 26. Qxe6 Rxe6 27. Rce1 Rae8 28. Re4 c6 29. f3 f6 30. f4 g6 31. d4 Kf7 32. dxe5 fxe5 33. fxe5 g5 34. g4 Ke7 35. c4 c5 36. b3 Kd7 37. Kf2 Kc6 38. R1e3 Kb6 39. Kg3 b4 40. h4 Rd8 41. Rf3 Rde8 42. Rf5 Rd8 43. hxg5 hxg5 44. Rxg5 Rd2 45. Rf5 Rxa2 46. Rf6 Rc6 47. Rxc6+ Kxc6 48. e6 Ra3 49. Re3 Rxb3 50. Rxb3 Kd6 51. Re3 Ke7 52. g5 b3 53. Rxb3 Kxe6 54. Kf4 Kf7 55. Kf5 a5 56. Rb7+ Kf8 57. Kf6 Kg8 58. g6 a4 59. Rb8# 1-0

[Event "BAN-ch (Women)"]
[Site "Dhaka"]
[Date "2022.01.02"]
[Round "5"]
[White "Mehjabin Akter, Jubaida"]
[Black "Shimon, Ahmed"]
[Result "1-0"]
[WhiteElo "1188"]
[BlackElo "1155"]
[PlyCount "91"]
[EventDate "2021.12.29"]
[EventType "swiss"]
[EventRounds "11"]
[EventCountry "BAN"]
[SourceTitle "EXT 2023"]
[Source "ChessBase"]
[SourceDate "2022.10.05"]
[SourceVersion "1"]
[SourceVersionDate "2022.10.05"]
[SourceQuality "1"]

1. e4 c5 2. Nf3 Nc6 3. Nc3 e6 4. a3 d5 5. exd5 exd5 6. d4 Nf6 7. Bg5 Be6 8. Be2 h6 9. Bxf6 Qxf6 10. dxc5 Bxc5 11. Nxd5 Bxd5 12. Qxd5 Qxb2 13. 0-0 Qxc2 14. Rfc1 Bxf2+ 15. Kxf2 Qg6 16. Bb5 Rc8 17. Re1+ Kf8 18. Bxc6 bxc6 19. Qd7 Ra8 20. Qb7 Rd8 21. Qe7+ Kg8 22. Qxd8+ Kh7 23. Qd4 a5 24. Kg1 Rb8 25. Ne5 Qh5 26. Qg4 Qxg4 27. Nxg4 h5 28. Ne5 c5 29. Nxf7 Rf8 30. Nd6 a4 31. Re5 Rf6 32. Rxh5+ Kg6 33. Rd5 Kh6 34. Rc1 g5 35. Rcxc5 Rg6 36. Nf7+ Kh5 37. Nxg5 Kh6 38. Nf7+ Kg7 39. Rd7 Kf6 40. Rc6+ Kf5 41. Rxg6 Kxg6 42. h4 Kh7 43. Ng5+ Kh8 44. h5 Kg8 45. h6 Kh8 46. Rd8# 1-0

[Event "BAN-ch U20 Girls"]
[Site "Dhaka"]
[Date "2019.05.22"]
[Round "8"]
[White "Mehjabin Akter, Jubaida"]
[Black "Wadifa, Ahmed"]
[Result "0-1"]
[WhiteElo "1534"]
[BlackElo "1423"]
[PlyCount "32"]
[EventDate "2019.05.15"]
[EventType "swiss"]
[EventRounds "8"]
[EventCountry "BAN"]
[SourceTitle "EXT 2020"]
[Source "ChessBase"]
[SourceDate "2019.10.17"]
[SourceVersion "1"]
[SourceVersionDate "2019.10.17"]
[SourceQuality "1"]

1. e4 c5 2. Nf3 e6 3. d4 cxd4 4. Nxd4 a6 5. Bd3 Nf6 6. f3 Qc7 7. 0-0 Bc5 8. Be3 Qb6 9. Nc3 Bxd4 10. Bxd4 Qxd4+ 11. Kh1 Nc6 12. Qe1 0-0 13. Qg3 Ne5 14. Qh3 Nxd3 15. cxd3 Qxd3 16. e5 Nd5 0-1

[Event "BAN-ch U20 Girls"]
[Site "Dhaka"]
[Date "2019.05.18"]
[Round "4"]
[White "Mehjabin Akter, Jubaida"]
[Black "Fatema, Hasan Diya"]
[Result "1-0"]
[WhiteElo "1534"]
[BlackElo "1051"]
[PlyCount "48"]
[EventDate "2019.05.15"]
[EventType "swiss"]
[EventRounds "8"]
[EventCountry "BAN"]
[SourceTitle "EXT 2020"]
[Source "ChessBase"]
[SourceDate "2019.10.17"]
[SourceVersion "1"]
[SourceVersionDate "2019.10.17"]
[SourceQuality "1"]

1. e4 e5 2. Nf3 Nc6 3. Bb5 Qe7 4. 0-0 a6 5. Ba4 Nf6 6. d3 Qb4 7. Bb3 Bc5 8. Ng5 Nd4 9. c3 Qb6 10. cxd4 Bxd4 11. Nc3 Bxc3 12. bxc3 0-0 13. Qf3 h6 14. Nh3 d6 15. Qg3 Nh5 16. Qf3 Nf6 17. Be3 Bg4 18. Qg3 Qc6 19. Rae1 Qd7 20. f3 Nh5 21. Qh4 g5 22. Bxg5 hxg5 23. Qxg5+ Ng7 24. fxg4 Kh7 1-0

[Event "BAN-ch U20 Girls"]
[Site "Dhaka"]
[Date "2019.05.15"]
[Round "1"]
[White "Nusrat Jahan, Alo"]
[Black "Mehjabin Akter, Jubaida"]
[Result "1-0"]
[WhiteElo "1481"]
[BlackElo "1534"]
[PlyCount "73"]
[EventDate "2019.05.15"]
[EventType "swiss"]
[EventRounds "8"]
[EventCountry "BAN"]
[SourceTitle "EXT 2020"]
[Source "ChessBase"]
[SourceDate "2019.10.17"]
[SourceVersion "1"]
[SourceVersionDate "2019.10.17"]
[SourceQuality "1"]

1. e4 e5 2. Nf3 Nc6 3. Bc4 Bc5 4. c3 Nf6 5. d4 Be7 6. dxe5 Nxe4 7. Qd5 0-0 8. Qxe4 d6 9. Bd3 g6 10. Bh6 Re8 11. 0-0 Bf5 12. Qe3 Bxd3 13. Qxd3 Nxe5 14. Nxe5 dxe5 15. Qxd8 Raxd8 16. Be3 b6 17. Nd2 Bc5 18. Bxc5 Rxd2 19. Ba3 Red8 20. Rfe1 f6 21. Be7 Kf7 22. Bxd8 Rxd8 23. Rad1 Rxd1 24. Rxd1 a5 25. Rd7+ Ke6 26. Rxc7 h5 27. Rc6+ Kf5 28. Rxb6 g5 29. c4 g4 30. c5 h4 31. Rd6 Kf4 32. c6 g3 33. hxg3+ hxg3 34. fxg3+ Kxg3 35. Rxf6 e4 36. c7 e3 37. c8Q 1-0